000 00477nam a2200205Ia 4500
005 20240823024709.0
008 240823s9999||||xx |||||||||||||| ||und||
020 _a978-0-07-099210-8
041 _aENGLISH
082 _A670.42 P8
100 _aJames Anderson
245 0 _aShop Theory
250 _a6th
260 _c2008
_b"Tata Mcgraw Hill,New "
500 _aTRANSFERED
650 _aShop Theory
_bAME
700 _a Earl E Tatro
942 _cBK
999 _c184533
_d184533